006470000a22001930004500090001300000245008800013044001300101041001400114690001800128690002400146700002900170700002700199700002900226700003300255100003000288942001300318773010500331999001700436 aSERIADAS10aAnálisis fitoquímico y de actividad biológica del musgo Polytrichum juniperum aColombia0 aEspañol aMusgos996173 aFitoquímica941841 aPrieto, Catalina91006301 aLinares, Edgar91006311 aRincón, Javier91006321 aAristizábal, Fabio91006331 aMorantes, Johanna9100634 cARTICULO1 tRevista de la Academia Colombiana de Ciencias Exactas, Físicas y Naturalesh121q473-479d2007g31 c16341d16341